| 000 | 00633nam a2200181Ia 4500 | ||
|---|---|---|---|
| 003 | LDD | ||
| 008 | 190117s9999 xx 000 0 und d | ||
| 020 |
_a9788188286539 _c₹225 |
||
| 040 | _cLDD | ||
| 041 | _ahi | ||
| 082 | _a8B3.5 च312वि | ||
| 100 | _aचट्टोपाध्याय, बंकिमचन्द्र | ||
| 245 | 0 |
_aविषवृक्ष _cबंकिमचन्द्र चट्टोपाध्याय |
|
| 260 |
_aदिल्ली _bनार्थ इंडिया पब्लिशर्स _c2010 |
||
| 300 | _a144पृ. | ||
| 904 | _aReqst by : J.M. Parakh | ||
| 942 |
_2ddc _cH |
||
| 999 |
_c158188 _d158188 |
||